| Tag |
First Indicator |
Second Indicator |
Subfields |
| LEADER |
00000cam a2200000 4500 |
| 001 |
in00000036853 |
| 005 |
20151007070301.0 |
| 008 |
760715s1965 nyua b 00010 eng |
| 010 |
|
|
|a 65027086
|
| 035 |
|
|
|a (OCoLC)02312983
|
| 035 |
|
|
|9 AAE3712AM
|
| 040 |
|
|
|a DLC
|c TOL
|d TXA
|d UtOrBLW
|
| 049 |
|
|
|a TXAM
|c [451461]
|
| 050 |
0 |
0 |
|a TK7872.F4
|b V6 1965
|
| 082 |
0 |
|
|a 538.45
|
| 092 |
|
|
|a 538.45
|b V945h, 1965
|
| 100 |
1 |
|
|a Von Aulock, Wilhelm H.
|
| 245 |
1 |
0 |
|a Handbook of microwave ferrite materials, edited by Wilhelm H. Von Aulock /
|c Contributors: Arnold S. Boxer, John F. Ollom [and] Robert F. Rauchmiller.
|
| 264 |
|
1 |
|a New York :
|b Academic Press,
|c 1965.
|
| 300 |
|
|
|a xxiv, 518 pages :
|b illustrations ;
|c 25 cm.
|
| 336 |
|
|
|a text
|b txt
|2 rdacontent
|
| 337 |
|
|
|a unmediated
|b n
|2 rdamedia
|
| 338 |
|
|
|a volume
|b nc
|2 rdacarrier
|
| 500 |
|
|
|a Based on a technical report (ML-TDR-64-224) prepared for the Air Force Materials Laboratory, Wright-Patterson Air Force Base, Ohio.
|
| 500 |
|
|
|a Includes bibliographies.
|
| 650 |
|
0 |
|a Ferrites (Magnetic materials)
|
| 700 |
1 |
|
|a Boxer, Arnold S.
|
| 999 |
|
|
|a MARS
|
| 999 |
f |
f |
|s 66efb105-eafc-3b58-b29e-daebe211315e
|i 5007db50-3919-38a0-988f-6c6847dfbaaf
|t 0
|
| 952 |
f |
f |
|p ric
|a Texas A&M University
|b Rellis Campus
|c Joint Library Facility
|d Remote Storage
|t 0
|e TK7872.F4 V6 1965
|h Library of Congress classification
|i unmediated -- volume
|m A14800926596
|
| 998 |
f |
f |
|a TK7872.F4 V6 1965
|t 0
|l Remote Storage
|